Census of Population and Housing, 1990 (United States): Extract Data

This extraction of data from the 1990 decennial Census files (CENSUS OF POPULATION AND HOUSING, 1990 [UNITED STATES]: SUMMARY TAPE FILES 3A AND 3B [ICPSR 9694, 9693]) was designed to provide a set of contextual variables to be matched to any survey dataset that has been coded for the geographic loca...

Descripción completa

Guardado en:  
Detalles Bibliográficos
Autor principal: Adams, Terry K. (Autor)
Tipo de documento: Electrónico Research Data
Lenguaje:Inglés
Publicado: [Erscheinungsort nicht ermittelbar] [Verlag nicht ermittelbar] 2000
En:Año: 2000
Acceso en línea: Volltext (kostenfrei)
Verificar disponibilidad: HBZ Gateway
Palabras clave:

MARC

LEADER 00000cam a22000002c 4500
001 1902791819
003 DE-627
005 20250626094446.0
007 cr uuu---uuuuu
008 240918s2000 xx |||||o 00| ||eng c
024 7 |a 10.3886/ICPSR02889.v1  |2 doi 
035 |a (DE-627)1902791819 
035 |a (DE-599)KXP1902791819 
040 |a DE-627  |b ger  |c DE-627  |e rda 
041 |a eng 
084 |a 2,1  |2 ssgn 
100 1 |a Adams, Terry K.  |e VerfasserIn  |4 aut 
245 1 0 |a Census of Population and Housing, 1990 (United States): Extract Data 
264 1 |a [Erscheinungsort nicht ermittelbar]  |b [Verlag nicht ermittelbar]  |c 2000 
336 |a Text  |b txt  |2 rdacontent 
337 |a Computermedien  |b c  |2 rdamedia 
338 |a Online-Ressource  |b cr  |2 rdacarrier 
520 |a This extraction of data from the 1990 decennial Census files (CENSUS OF POPULATION AND HOUSING, 1990 [UNITED STATES]: SUMMARY TAPE FILES 3A AND 3B [ICPSR 9694, 9693]) was designed to provide a set of contextual variables to be matched to any survey dataset that has been coded for the geographic location of respondents. Over 120 variables were selected from original Census sources, and more than 100 variables were derived from those component variables. The variables characterize geographic areas in terms of ethnicity, family structures, income, education, labor force activity, and housing. The geographic areas chosen range from neighborhoods (tracts, Block Numbering Areas [BNAs], and Enumeration Districts [EDs]), through intermediate levels of geography (Minor Civil Divisions and Census County Divisions [MCDs/CCDs], census places, and ZIP codes), through large economic areas (counties, Metropolitan Statistical Areas, State Economic Areas [SEAs], and specially created Labor Market Areas [LMAs]), and beyond to large regions (Economic Sub-Regions [ESRs] and states). To the maximum extent possible, the investigator selected Census variables that seemed relevant to problems associated with poverty and income determination and that were present in comparable form in the 1970 and 1980 Census datasets. 
540 |a ICPSR Terms of Use 
650 4 |a census data 
650 4 |a demographic characteristics 
650 4 |a Education 
650 4 |a Employment 
650 4 |a Ethnicity 
650 4 |a Family Structure 
650 4 |a household composition 
650 4 |a Housing 
650 4 |a housing conditions 
650 4 |a Income 
650 4 |a labor force 
650 4 |a Population 
650 4 |a population characteristics 
650 4 |a Poverty 
650 4 |a Social indicators 
655 7 |a Forschungsdaten  |0 (DE-588)1098579690  |0 (DE-627)857755366  |0 (DE-576)469182156  |2 gnd-content 
787 0 8 |i Forschungsdaten zu  |a Ousey, Graham C.  |t Homicide trends and illicit drug markets: Exploring differences across time  |d 2007  |w (DE-627)1912575914 
856 4 0 |u https://doi.org/10.3886/ICPSR02889.v1  |x Resolving-System  |z kostenfrei  |3 Volltext  |7 0 
935 |a mkri 
951 |a BO 
ELC |a 1 
LOK |0 000 xxxxxcx a22 zn 4500 
LOK |0 001 4581183251 
LOK |0 003 DE-627 
LOK |0 004 1902791819 
LOK |0 005 20240918043619 
LOK |0 008 240918||||||||||||||||ger||||||| 
LOK |0 035   |a (DE-2619)ICPSR2889 
LOK |0 040   |a DE-2619  |c DE-627  |d DE-2619 
LOK |0 092   |o n 
LOK |0 852   |a DE-2619 
LOK |0 852 1  |9 00 
LOK |0 935   |a foda  |a nacj 
LOK |0 939   |a 18-09-24  |b l01 
OAS |a 1 
ORI |a SA-MARC-krimdoka001.raw